000
00263nam a2200097Ia 4500
008
220204s9999 xx 000 0 und d
082
_a
NR:061.3
_b
ANR
245
0
_a
Constitution and procedures and financial rules
260
_a
Kuala Lumpur
_b
ANRPC
_c
1980
942
_c
BK
999
_c
43423
_d
43423